[Event "SPICE Cup Open 2017"]
[Site "Saint Louis USA"]
[Date "2017.10.24"]
[Round "6.22"]
[White "Easton, Jack"]
[Black "Gosdin, Kaleb"]
[Result "1/2-1/2"]
[WhiteElo "2162"]
[BlackElo "2011"]
[WhiteFideId "30900069"]
[BlackFideId "30920442"]
[EventDate "2017.10.21"]

1. d4 g6 2. c4 Bg7 3. e4 d6 4. Nc3 Nd7 5. Be3 e5 6. Nge2 Ne7 7. f3 a6 8. Nc1
exd4 9. Bxd4 Ne5 10. Be2 c5 11. Bf2 Be6 12. Nd5 O-O 13. O-O b5 14. Bh4 Bxd5 15.
cxd5 Qd7 16. Qc2 Rab8 17. Rb1 f5 18. Nb3 f4 19. Qd2 h6 20. Qa5 g5 21. Be1 Ra8
22. Nd2 N7g6 23. b3 Bf6 24. a4 Bd8 25. Qc3 Bf6 26. Qc2 Rfb8 27. Bf2 b4 28. Nc4
a5 29. Nxe5 Bxe5 30. Bb5 Qg7 31. Rfd1 Bf6 32. Bc4 Rc8 33. h3 Qe7 34. Kf1 Qe5 35.
Ke2 Kg7 1/2-1/2

[Event "SPICE Cup Open 2017"]
[Site "Saint Louis USA"]
[Date "2017.10.24"]
[Round "6.23"]
[White "Cervantes Landeiro, Thalia"]
[Black "Baginskaite, Camilla"]
[Result "0-1"]
[WhiteTitle "WFM"]
[BlackTitle "WGM"]
[WhiteElo "2107"]
[BlackElo "2140"]
[WhiteFideId "3520498"]
[BlackFideId "2014599"]
[EventDate "2017.10.21"]

1. d4 Nf6 2. c4 e6 3. Nc3 Bb4 4. e3 O-O 5. Bd3 d5 6. cxd5 exd5 7. Ne2 Re8 8. O-O
Bd6 9. Bd2 a6 10. Rc1 Nc6 11. f3 Nb4 12. Bb1 c5 13. a3 Nc6 14. Na4 cxd4 15. exd4
Nh5 16. Be1 Qg5 17. Nb6 Bh3 18. Ng3 Rxe1 19. Qxe1 Rd8 20. gxh3 Nxg3 21. hxg3
Bxg3 22. Qe2 Bf4+ 23. Kh1 Bxc1 24. Qc2 Be3 25. Qxh7+ Kf8 26. Bf5 Qh6 27. Nd7+
Ke7 28. Qxh6 Bxh6 29. Re1+ Kd6 30. Nc5 Kc7 31. Nb3 g6 32. Bd3 Bg7 33. Rc1 Re8
34. Bf1 Kb6 35. Rd1 Re3 36. Rd3 Rxd3 37. Bxd3 Nxd4 38. Nxd4 Bxd4 39. b3 Bb2 40.
Kg2 Kc5 41. Kf2 Kd4 42. Ke2 Bxa3 43. f4 Kc3 44. h4 Be7 45. f5 gxf5 46. Bxf5 a5
47. h5 Kxb3 0-1

[Event "SPICE Cup Open 2017"]
[Site "Saint Louis USA"]
[Date "2017.10.24"]
[Round "6.24"]
[White "Shoykhet, Benjamin"]
[Black "Tsay, Vincent"]
[Result "0-1"]
[BlackTitle "FM"]
[WhiteElo "1819"]
[BlackElo "2265"]
[WhiteFideId "30919746"]
[BlackFideId "30931835"]
[EventDate "2017.10.21"]

1. c4 e6 2. g3 d5 3. Bg2 dxc4 4. Qa4+ Nd7 5. Nf3 a6 6. Qxc4 b5 7. Qe4 Rb8 8. Nd4
Ne7 9. Qc2 c5 10. Nf3 Bb7 11. b3 Nc6 12. Bb2 Nf6 13. O-O Be7 14. Nc3 O-O 15.
Rac1 Qd7 16. Rfd1 Rbc8 17. Qb1 Rfd8 18. e3 Rc7 19. d4 cxd4 20. Nxd4 Qc8 21. Nxc6
Bxc6 22. Bxc6 Rxc6 23. Rxd8+ Bxd8 24. Ne2 Nd5 25. Rxc6 Qxc6 26. Nd4 Qd7 27. e4
Ne7 28. Qc2 Bb6 29. Qc3 f6 30. Kg2 Kf7 31. Nf3 e5 32. a4 Qd1 33. axb5 axb5 34.
Ba3 Qe2 35. Bc5 Bxc5 36. Qxc5 g5 37. h3 h5 38. Nxg5+ fxg5 39. Qxe5 Qd3 40. Qxg5
Qxe4+ 41. Kg1 Qf5 42. Qh4 Nc6 43. g4 Ne5 44. gxf5 Nf3+ 45. Kf1 Nxh4 46. Ke2 Nxf5
47. Kd3 h4 48. Ke4 Ke6 49. b4 Ne7 50. Kd4 Kd6 0-1

[Event "SPICE Cup Open 2017"]
[Site "Saint Louis USA"]
[Date "2017.10.25"]
[Round "7.1"]
[White "Rambaldi, Francesco"]
[Black "Bruzon Batista, Lazaro"]
[Result "0-1"]
[WhiteTitle "GM"]
[BlackTitle "GM"]
[WhiteElo "2574"]
[BlackElo "2660"]
[WhiteFideId "20657307"]
[BlackFideId "3503739"]
[EventDate "2017.10.21"]

1. e4 e5 2. Nf3 Nc6 3. Bc4 Bc5 4. O-O Nf6 5. d3 d6 6. c3 a6 7. a4 Ba7 8. Re1 O-O
9. h3 Ne7 10. d4 Ng6 11. Bb3 c6 12. Nbd2 exd4 13. cxd4 d5 14. e5 Nh5 15. Nf1 f6
16. Bc2 Nhf4 17. Ra3 Bb8 18. Ng3 fxe5 19. Nxe5 Bxe5 20. dxe5 Be6 21. Nh5 Qh4 22.
Nxf4 Nxf4 23. Rg3 c5 24. b4 cxb4 25. Bb3 Kh8 26. Be3 Rac8 27. Rf3 g5 28. Bd4 Rg8
29. a5 Rcf8 30. Qd2 Nxg2 31. Bxd5 Nxe1 32. Rf6 g4 33. hxg4 Bxd5 34. Kf1 Bc4+ 0-1

[Event "SPICE Cup Open 2017"]
[Site "Saint Louis USA"]
[Date "2017.10.25"]
[Round "7.2"]
[White "Swiercz, Dariusz"]
[Black "Cori, Jorge"]
[Result "1-0"]
[WhiteTitle "GM"]
[BlackTitle "GM"]
[WhiteElo "2639"]
[BlackElo "2657"]
[WhiteFideId "1126881"]
[BlackFideId "3802272"]
[EventDate "2017.10.21"]

1. d4 Nf6 2. c4 e6 3. g3 Bb4+ 4. Bd2 Bxd2+ 5. Qxd2 d5 6. Bg2 O-O 7. Nf3 b6 8.
cxd5 exd5 9. O-O Bb7 10. b4 Ne4 11. Qb2 c6 12. Nbd2 Nd6 13. a4 Qe7 14. e3 Nd7
15. Rfc1 Rfe8 16. a5 Rab8 17. a6 Ba8 18. Qa3 Nb5 19. Qa4 Nc7 20. Bh3 b5 21. Qc2
Nb6 22. Qc5 Na4 23. Qxa7 f6 24. Nb3 Nxa6 25. Qxa6 Bb7 26. Rxa4 Bxa6 27. Rxa6
Qxb4 28. Nc5 Qb2 29. Nd3 Qe2 30. Nfe1 b4 31. Bf1 Qg4 32. Raxc6 b3 33. Rb1 Rec8
34. Rxc8+ Qxc8 35. Nc5 Qc6 36. Ned3 1-0

[Event "SPICE Cup Open 2017"]
[Site "Saint Louis USA"]
[Date "2017.10.25"]
[Round "7.3"]
[White "Robson, Ray"]
[Black "Quesada Perez, Yuniesky"]
[Result "0-1"]
[WhiteTitle "GM"]
[BlackTitle "GM"]
[WhiteElo "2644"]
[BlackElo "2619"]
[WhiteFideId "2023970"]
[BlackFideId "3504409"]
[EventDate "2017.10.21"]

1. e4 e5 2. Nf3 Nc6 3. d4 exd4 4. Nxd4 Bc5 5. Nb3 Bb6 6. Nc3 Nf6 7. Bg5 h6 8.
Bh4 d6 9. f3 Be6 10. Bb5 g5 11. Bf2 Bxf2+ 12. Kxf2 Nd7 13. Nd5 a6 14. Bxc6 bxc6
15. Ne3 c5 16. Re1 Ne5 17. Kg1 O-O 18. Nc1 Rb8 19. b3 Qd7 20. Ne2 f5 21. exf5
Bxf5 22. Rf1 Rbe8 23. Qd2 Qg7 24. Rae1 Bc8 25. Ng3 Kh8 26. Nd5 Rf7 27. Nh5 Qg6
28. f4 gxf4 29. Nhxf4 Qg5 30. h4 Qg4 31. Ng6+ Kg7 32. Rxf7+ Kxf7 33. Rf1+ Kg7
34. Nxc7 Qxg6 35. Nxe8+ Qxe8 36. Qxd6 Ng4 37. Qxc5 Qe6 38. h5 Nf6 39. Qd4 Bb7
40. c4 Bc6 41. b4 Be8 42. Kh2 Bxh5 43. b5 axb5 44. cxb5 Be8 45. a4 Kg6 46. Kg1
Ng4 47. b6 Bc6 48. a5 Bb7 49. Qd3+ Kg5 50. Qd2+ Kh5 51. Re1 Qf5 52. Rf1 Qc5+ 53.
Kh1 Qb5 54. Re1 Qb3 55. Kg1 Qg3 56. Kf1 Ba6+ 0-1

[Event "SPICE Cup Open 2017"]
[Site "Saint Louis USA"]
[Date "2017.10.25"]
[Round "7.4"]
[White "Shimanov, Aleksandr"]
[Black "Nyzhnyk, Illya"]
[Result "1/2-1/2"]
[WhiteTitle "GM"]
[BlackTitle "GM"]
[WhiteElo "2640"]
[BlackElo "2594"]
[WhiteFideId "4198603"]
[BlackFideId "14118084"]
[EventDate "2017.10.21"]

1. d4 d5 2. c4 c6 3. cxd5 cxd5 4. Nc3 Nf6 5. Bf4 Nc6 6. Nf3 Nh5 7. Be5 e6 8. e3
a6 9. Bd3 Be7 10. Rc1 Nxe5 11. dxe5 g6 12. O-O O-O 13. Na4 Bd7 14. Nc5 Rc8 15.
b4 Rc7 16. Qb3 Qb8 17. Rc2 Rfc8 18. Rb1 Be8 19. g4 Ng7 20. Bxa6 bxa6 21. Nxa6
Rxc2 22. Nxb8 R8c3 23. Qxc3 Rxc3 24. b5 Ra3 25. b6 Bc5 26. Nd4 Bxb6 27. Rxb6
Rxa2 28. Na6 Ra1+ 29. Kg2 Rc1 30. Nb4 Rc8 31. Ra6 h6 32. Ra7 Kf8 33. Nd3 Rc3 34.
Nf4 Rc8 35. Nfe2 Rd8 36. Nc1 Rd7 37. Ra8 Rc7 38. Nce2 Ke7 39. f4 Rb7 40. h3 Rc7
41. Ng3 Rb7 42. f5 gxf5 43. gxf5 f6 44. exf6+ Kxf6 45. fxe6 Re7 46. Ra6 Bg6 47.
Nge2 Bd3 48. Nf4 Bxa6 49. Nxd5+ Ke5 50. Nxe7 Nxe6 51. Nec6+ Kd6 52. Nxe6 Kxe6
53. Kg3 Kf5 54. Ne7+ Ke4 55. Kf2 Bc4 56. h4 Be6 57. Ng6 Bc8 58. Ne7 Be6 59. Nc6
Bd5 60. Nd4 Bb7 61. Nb5 Ke5 62. Kg3 Ba6 63. Nc3 Bc8 64. Kf3 Bd7 65. Nd1 Bc6+ 66.
Ke2 Bb5+ 67. Kd2 Kf5 68. Nf2 Kg6 69. Ng4 Kh5 70. Nxh6 1/2-1/2

[Event "SPICE Cup Open 2017"]
[Site "Saint Louis USA"]
[Date "2017.10.25"]
[Round "7.5"]
[White "Kannappan, Priyadharshan"]
[Black "Sevian, Samuel"]
[Result "0-1"]
[WhiteTitle "GM"]
[BlackTitle "GM"]
[WhiteElo "2516"]
[BlackElo "2615"]
[WhiteFideId "5018293"]
[BlackFideId "2040506"]
[EventDate "2017.10.21"]

1. c4 e5 2. g3 Nc6 3. Bg2 Bc5 4. Nc3 a6 5. e3 d6 6. Nge2 Ba7 7. b3 h5 8. h3 f5
9. d4 Bd7 10. Qd2 h4 11. Nd5 hxg3 12. fxg3 Nf6 13. Bb2 e4 14. Nef4 Nxd5 15. Nxd5
Be6 16. Nf4 Bf7 17. g4 g6 18. O-O-O Qh4 19. gxf5 gxf5 20. Rdg1 O-O-O 21. Bf1
Rhg8 22. Bc3 Ne7 23. Qe1 Qf6 24. Be2 Ng6 25. Nh5 Qh8 26. Qf2 Ne7 27. Nf4 c5 28.
Kc2 cxd4 29. exd4 Nc6 30. Rd1 Rde8 31. Qe3 Qh4 32. Rhg1 Rxg1 33. Rxg1 Rg8 34.
Rxg8+ Bxg8 35. Bd1 Bf7 36. Ne2 Bg6 37. Qf4 Qf6 38. d5 Ne5 39. Ng3 Nd3 40. Qh6
Bd4 41. Ba5 Ba1 42. Bh5 Qb2+ 43. Kd1 Nf2+ 44. Ke1 Nd3+ 45. Kd1 Bxh5+ 46. Nxh5
Nf2+ 47. Ke1 Nd3+ 48. Kd1 Qb1+ 49. Ke2 Qxa2+ 50. Bd2 Bc3 51. Nf6 Kb8 52. Nd7+
Kc7 53. Nf6 Nc1+ 54. Ke1 Bxd2+ 55. Qxd2 Qa1 56. Nh5 Nxb3+ 57. Qd1 Qc3+ 58. Kf2
Qxh3 0-1

[Event "SPICE Cup Open 2017"]
[Site "Saint Louis USA"]
[Date "2017.10.25"]
[Round "7.6"]
[White "Prohaszka, Peter2"]
[Black "Liang, Awonder"]
[Result "1/2-1/2"]
[WhiteTitle "GM"]
[BlackTitle "GM"]
[WhiteElo "2614"]
[BlackElo "2554"]
[WhiteFideId "726265"]
[BlackFideId "2056437"]
[EventDate "2017.10.21"]

1. d4 Nf6 2. c4 g6 3. g3 Bg7 4. Bg2 O-O 5. Nc3 d6 6. Nf3 Nc6 7. O-O e5 8. dxe5
Nxe5 9. b3 Nxf3+ 10. Bxf3 Bh3 11. Re1 c6 12. Bb2 Re8 13. Qd2 Qa5 14. Rad1 Rad8
15. Nd5 Qxd2 16. Nxf6+ Bxf6 17. Rxd2 Bxb2 18. Rxb2 Be6 19. Rd1 Rd7 20. Rbd2 Red8
21. Bg2 Kf8 22. f4 a5 23. Kf2 a4 24. Bf3 f5 25. Rd4 Kf7 26. R1d2 axb3 27. axb3
Ke7 28. e4 fxe4 29. Rxe4 Kf6 30. Red4 h5 31. Kg2 d5 32. cxd5 Bxd5 33. Bxd5 Rxd5
34. Rxd5 cxd5 35. Kf2 Rd6 36. h3 Rb6 37. Rd3 Rb4 38. Kf3 Ke6 39. g4 hxg4+ 40.
hxg4 Kd6 41. Kg3 Ke6 42. Re3+ Kf6 43. g5+ Kf7 44. Kg4 Kg8 45. Re6 Kf7 46. Rd6
Rxb3 47. Rxd5 Rb1 48. Rd7+ Kg8 49. Rc7 Rb3 50. Rc4 Kg7 51. Rc7+ 1/2-1/2

[Event "SPICE Cup Open 2017"]
[Site "Saint Louis USA"]
[Date "2017.10.25"]
[Round "7.9"]
[White "Cordova, Emilio"]
[Black "Leon Hoyos, Manuel"]
[Result "1-0"]
[WhiteTitle "GM"]
[BlackTitle "GM"]
[WhiteElo "2608"]
[BlackElo "2490"]
[WhiteFideId "3801497"]
[BlackFideId "5105269"]
[EventDate "2017.10.21"]

1. Nf3 c5 2. c4 g6 3. g3 Bg7 4. Bg2 Nc6 5. Nc3 d6 6. O-O e6 7. a3 Nge7 8. d3 O-O
9. Bd2 h6 10. Rb1 b6 11. b4 Bb7 12. Qa4 Qd7 13. Rfd1 g5 14. e3 Ng6 15. d4 g4 16.
Ne1 cxd4 17. exd4 Bxd4 18. Nb5 Bg7 19. Nxd6 Qxd6 20. Bf4 Qe7 21. Bd6 Qe8 22.
Bxf8 Bxf8 23. c5 b5 24. Qxb5 Qc8 25. Rbc1 Nge5 26. Qe2 Qc7 27. b5 Na5 28. c6 Bc8
29. Nd3 Nf3+ 30. Bxf3 gxf3 31. Qxf3 Bxa3 32. Ne5 Bxc1 33. Rd7 1-0

[Event "SPICE Cup Open 2017"]
[Site "Saint Louis USA"]
[Date "2017.10.25"]
[Round "7.10"]
[White "Yermolinsky, Alex"]
[Black "Li, Ruifeng"]
[Result "1-0"]
[WhiteTitle "GM"]
[BlackTitle "GM"]
[WhiteElo "2490"]
[BlackElo "2564"]
[WhiteFideId "2005492"]
[BlackFideId "2061074"]
[EventDate "2017.10.21"]

1. Nf3 Nf6 2. c4 e6 3. Nc3 d5 4. d4 c6 5. Bg5 h6 6. Bxf6 Qxf6 7. Qb3 Qe7 8. e4
g6 9. exd5 exd5+ 10. Kd2 Bg7 11. Re1 Be6 12. cxd5 cxd5 13. Nxd5 Qd6 14. Rxe6+
fxe6 15. Qxb7 Qxd5 16. Qxg7 Rf8 17. Bd3 Nd7 18. Rc1 Rxf3 19. gxf3 Qg5+ 20. f4
Qxf4+ 21. Kd1 Qxf2 22. Qxh6 Qxd4 23. Qxg6+ Ke7 24. Rc4 Qxb2 25. Qh7+ Kd6 26. Qe4
Rh8 27. Rc6+ Ke7 28. Rxe6+ Kd8 29. Qa8+ Qb8 30. Qxb8+ Nxb8 31. Re2 Kc7 32. Re7+
Kd6 33. Rh7 Rxh7 34. Bxh7 Nc6 35. Kd2 Ke5 36. Kc3 Kf4 37. Bg8 a5 38. Kc4 Nb4 39.
a4 Kg4 40. Be6+ Kh4 41. Kd4 Nc2+ 42. Kc5 Nb4 43. Bc4 Nc2 44. Kb6 Ne3 45. Bb3 Nf1
46. Kxa5 Nxh2 47. Kb6 1-0

[Event "SPICE Cup Open 2017"]
[Site "Saint Louis USA"]
[Date "2017.10.25"]
[Round "7.11"]
[White "Grabinsky, Aaron"]
[Black "Chandra, Akshat"]
[Result "0-1"]
[BlackTitle "GM"]
[WhiteElo "2366"]
[BlackElo "2483"]
[WhiteFideId "2087090"]
[BlackFideId "25006711"]
[EventDate "2017.10.21"]
[EventType "swiss"]

1. d4 d5 2. Bf4 c5 3. e3 cxd4 4. exd4 Nc6 5. c3 Bf5 6. Nf3 e6 7. Nbd2 Nf6 8. Nh4
Bg4 9. Qb3 Bd6 10. Bxd6 Qxd6 11. h3 Bh5 12. Bd3 O-O-O 13. g4 Bg6 14. Nxg6 hxg6
15. O-O-O Qf4 16. f3 Rh4 17. Bb5 Qc7 18. Bxc6 Qxc6 19. Qa3 Kb8 20. Kb1 Qc7 21.
Rc1 Qf4 22. Nb3 Nd7 23. Na5 Rhh8 24. Qb4 Nb6 25. Ka1 Rc8 26. Nb3 Rc7 27. Rcf1
Nc4 28. Nc5 Ne3 29. Rf2 Ka8 30. Rg1 Nc4 31. Re1 Qg3 32. Nd3 Qxh3 33. b3 Nb6 34.
Ne5 Qg3 35. Rfe2 Rhc8 36. Kb2 Qf4 37. Rc1 Nd7 38. Nxd7 Rxd7 39. Qb5 Rdc7 40. Rf2
a6 41. Qd3 Rh8 42. Qd2 Qg3 43. Qe3 Rcc8 44. c4 dxc4 45. bxc4 Rhd8 46. Rd2 Rd7
47. Rc3 Qc7 48. Qe4 Rcd8 49. d5 Qa5 50. Rcd3 Qb4+ 51. Ka1 Rh8 52. f4 exd5 53.
Qf3 Qxc4 54. Rb2 Re8 55. Qd1 Qxf4 56. Rd4 Qf6 57. Qd2 Rde7 58. a3 Re2 59. Qc3
Rxb2 60. Kxb2 Qf2+ 61. Rd2 Qb6+ 62. Ka2 Qe6 63. Qxg7 Qxg4 64. Qxf7 Qc4+ 65. Kb2
Re3 66. Qf8+ Ka7 67. Qf2 Qb3+ 68. Kc1 d4 69. Rb2 Qc3+ 70. Kb1 Re1+ 71. Ka2 Qc4+
72. Rb3 Re2+ 0-1

[Event "SPICE Cup Open 2017"]
[Site "Saint Louis USA"]
[Date "2017.10.25"]
[Round "7.12"]
[White "Quintiliano Pinto, Renato R."]
[Black "Patel, Advait"]
[Result "1-0"]
[WhiteTitle "IM"]
[BlackTitle "IM"]
[WhiteElo "2451"]
[BlackElo "2448"]
[WhiteFideId "2117568"]
[BlackFideId "2075105"]
[EventDate "2017.10.21"]

1. d4 Nf6 2. c4 g6 3. Nc3 Bg7 4. e4 d6 5. Nf3 O-O 6. Be2 e5 7. O-O c6 8. dxe5
dxe5 9. Nxe5 Nxe4 10. Nxe4 Bxe5 11. Bg5 Qc7 12. f4 Bxb2 13. Bf6 Re8 14. Bxb2
Rxe4 15. Qd2 Nd7 16. Bd3 Re7 17. c5 b5 18. Rae1 Qd8 19. Bxb5 Rxe1 20. Rxe1 cxb5
21. Qd4 Qf6 22. Re8+ 1-0

[Event "SPICE Cup Open 2017"]
[Site "Saint Louis USA"]
[Date "2017.10.25"]
[Round "7.13"]
[White "Peng, David"]
[Black "Sturt, Raven"]
[Result "0-1"]
[WhiteTitle "FM"]
[WhiteElo "2330"]
[BlackElo "2446"]
[WhiteFideId "2059355"]
[BlackFideId "2007304"]
[EventDate "2017.10.21"]

1. e4 e5 2. Nf3 Nc6 3. Bc4 Nf6 4. d3 Be7 5. O-O O-O 6. a4 d5 7. exd5 Nxd5 8. h3
Re8 9. Re1 Bf8 10. Ng5 Re7 11. Nc3 Ncb4 12. Nxd5 Nxd5 13. Qh5 h6 14. Nf3 Nf6 15.
Qh4 Qd6 16. Qg3 Nh5 17. Qh2 Be6 18. Qxe5 Bxc4 19. Qxd6 Rxe1+ 20. Nxe1 Bxd6 21.
dxc4 Re8 22. Be3 a6 23. Nd3 Nf6 24. Rd1 Nd7 25. Kf1 f5 26. Bf4 Bxf4 27. Nxf4 Nc5
28. b3 c6 29. a5 g5 30. Ne2 Kf7 31. Rd6 Re6 32. Rd8 Re7 33. Nd4 f4 34. Nf5 Re6
35. f3 Kg6 36. Nd4 Rf6 37. b4 Na4 38. Nb3 Nb2 39. Rd4 Re6 40. Nc5 Re7 41. Ne4
Na4 42. Rd6+ Kg7 43. Ke2 Nc3+ 44. Kd3 Nd1 45. g3 Nf2+ 46. Ke2 fxg3 47. Kf1 Nxe4
48. fxe4 h5 49. Kg2 h4 50. c3 Rxe4 51. Rd7+ Kf6 52. c5 Re2+ 53. Kg1 g4 0-1

[Event "SPICE Cup Open 2017"]
[Site "Saint Louis USA"]
[Date "2017.10.25"]
[Round "7.14"]
[White "Kavutskiy, Konstantin"]
[Black "Guo, Arthur"]
[Result "1-0"]
[WhiteTitle "IM"]
[BlackTitle "FM"]
[WhiteElo "2390"]
[BlackElo "2219"]
[WhiteFideId "2026384"]
[BlackFideId "30903114"]
[EventDate "2017.10.21"]

1. Nf3 Nf6 2. g3 e6 3. Bg2 d5 4. O-O Be7 5. d3 O-O 6. Nbd2 Nbd7 7. c4 c6 8. b3
b6 9. Bb2 Bb7 10. a3 a6 11. Rc1 Rc8 12. Rc2 Bd6 13. Qa1 Re8 14. Rfc1 c5 15. e3
dxc4 16. Nxc4 Be7 17. Ncd2 b5 18. d4 Qb6 19. dxc5 Bxc5 20. b4 Bf8 21. Bd4 Qd6
22. Rxc8 Rxc8 23. Rxc8 Bxc8 24. Ng5 Qc7 25. Qc3 Qxc3 26. Bxc3 Nb6 27. Bd4 Nfd7
28. Nge4 e5 29. Ba1 f6 30. f4 exf4 31. gxf4 Kf7 32. Kf2 Na4 33. Nb3 Ndb6 34.
Ned2 Be7 35. Nd4 Bd7 36. Bb7 Bc8 37. Be4 g6 38. Nc6 Be6 39. Bc2 Bd5 40. Nxe7
Kxe7 41. e4 Be6 42. Ke3 Nd7 43. Nb3 Nab6 44. Na5 f5 45. Kd4 Kd6 46. h4 h6 47.
Nb7+ Kc7 48. Nc5 Nxc5 49. bxc5 Nd7 50. h5 gxh5 51. exf5 Bf7 52. Bc3 Nf6 53. Ba5+
Kc6 54. Bd8 Nd5 55. Be4 Bg8 56. Bh4 a5 57. Be1 a4 58. Bf3 Bf7 59. Bh4 Bg8 60.
Bf2 Bf7 61. Be1 b4 62. axb4 a3 63. Bxd5+ Bxd5 64. b5+ Kxb5 65. Kxd5 a2 66. Bc3
h4 67. Ke4 Kxc5 68. f6 Kd6 69. Kf3 h5 70. Kg2 Ke6 71. Kh3 1-0

[Event "SPICE Cup Open 2017"]
[Site "Saint Louis USA"]
[Date "2017.10.25"]
[Round "7.15"]
[White "Plotkin, Victor"]
[Black "Rahul, Srivatshav P"]
[Result "1-0"]
[WhiteTitle "FM"]
[WhiteElo "2262"]
[BlackElo "2373"]
[WhiteFideId "2606674"]
[BlackFideId "25059653"]
[EventDate "2017.10.21"]

1. e4 c5 2. c3 Qa5 3. Nf3 Nc6 4. Na3 d6 5. Nc4 Qc7 6. d4 Bg4 7. d5 Nb8 8. Bf4
Nd7 9. h3 Bxf3 10. Qxf3 Ngf6 11. g4 g6 12. a4 Bg7 13. Bg2 Nb6 14. Ne3 Nfd7 15.
Qe2 Ne5 16. a5 Nbd7 17. Bg3 g5 18. Nf5 Bf6 19. h4 h6 20. h5 c4 21. O-O Nd3 22.
Rfd1 N7e5 23. Ne3 Rc8 24. Bf1 Nf4 25. Qc2 Kf8 26. Be2 b5 27. axb6 axb6 28. Kf1
b5 29. Ra6 Qc5 30. Rda1 Ned3 31. Bxd3 cxd3 32. Qd2 b4 33. cxb4 Qb5 34. R6a5 Qb6
35. Nf5 e6 36. Ra8 Rd8 37. R1a6 Qc7 38. Bxf4 gxf4 39. Rc6 Qd7 40. Rxd8+ Bxd8 41.
Rxd6 Qc7 42. dxe6 fxe6 43. Qxd3 Bg5 44. Rxe6 Kf7 45. Rd6 Rd8 46. Qd5+ Kf8 47.
Rxd8+ Bxd8 48. Qc5+ 1-0

[Event "SPICE Cup Open 2017"]
[Site "Saint Louis USA"]
[Date "2017.10.25"]
[Round "7.16"]
[White "Heimann, Mark"]
[Black "Proleiko, Julian"]
[Result "1-0"]
[WhiteTitle "FM"]
[WhiteElo "2363"]
[BlackElo "2095"]
[WhiteFideId "2028441"]
[BlackFideId "30900255"]
[EventDate "2017.10.21"]

1. g3 d5 2. Nf3 Nf6 3. Bg2 c6 4. O-O Bg4 5. b3 e6 6. Bb2 Nbd7 7. d3 Be7 8. e4
dxe4 9. dxe4 Nxe4 10. Bxg7 Rg8 11. Bb2 Bf6 12. Qc1 Ng5 13. Nbd2 Nxf3+ 14. Nxf3
Bxb2 15. Qxb2 Qa5 16. b4 Qh5 17. Nd4 O-O-O 18. b5 c5 19. Nc6 Bf3 20. Nxd8 Bxg2
21. Kxg2 Ne5 22. Qa3 Ng6 23. Nxb7 Kb8 24. Kh1 Ne5 25. Na5 Nf3 26. Nc6+ Kc8 27.
Qa6+ Kd7 28. Rfd1+ 1-0

[Event "SPICE Cup Open 2017"]
[Site "Saint Louis USA"]
[Date "2017.10.25"]
[Round "7.17"]
[White "Baginskaite, Camilla"]
[Black "Jacobson, Brandon"]
[Result "1-0"]
[WhiteTitle "WGM"]
[BlackTitle "FM"]
[WhiteElo "2140"]
[BlackElo "2396"]
[WhiteFideId "2014599"]
[BlackFideId "30901561"]
[EventDate "2017.10.21"]

1. d4 d5 2. c4 Nc6 3. cxd5 Qxd5 4. e3 e5 5. Nc3 Bb4 6. Bd2 Bxc3 7. Bxc3 exd4 8.
Ne2 Nf6 9. Nxd4 O-O 10. Nxc6 Qxc6 11. Be2 Ne4 12. Be5 Bf5 13. O-O Rad8 14. Qc1
Qe6 15. Bc3 Qg6 16. Rd1 Ng5 17. f3 Nh3+ 18. Kf1 Rxd1+ 19. Qxd1 c5 20. Qd5 Qg5
21. f4 Qh4 22. g3 Nxf4 23. Qxf5 Qxh2 24. Qxf4 Qh1+ 25. Kf2 Qxa1 26. Qe5 f6 27.
Bc4+ Kh8 28. Qe7 1-0

[Event "SPICE Cup Open 2017"]
[Site "Saint Louis USA"]
[Date "2017.10.25"]
[Round "7.18"]
[White "Mathur, Rithwik"]
[Black "Williams, Justus"]
[Result "0-1"]
[BlackTitle "FM"]
[WhiteElo "1986"]
[BlackElo "2371"]
[WhiteFideId "30913667"]
[BlackFideId "2049929"]
[EventDate "2017.10.21"]

1. d4 Nf6 2. Bf4 c5 3. e3 b6 4. Nf3 Bb7 5. Nc3 cxd4 6. exd4 e6 7. Bd3 Bb4 8. O-O
Bxc3 9. bxc3 d6 10. c4 O-O 11. Rb1 Be4 12. Re1 Bg6 13. Bxg6 hxg6 14. Qd3 Nh5 15.
Bg5 Qc7 16. Nd2 Rc8 17. Qf3 Nd7 18. g4 Nhf6 19. Bxf6 Nxf6 20. g5 Nh7 21. h4 Nf8
22. Rb3 Rd8 23. d5 e5 24. Qg3 Rac8 25. Rbe3 b5 26. f4 Nd7 27. h5 exf4 28. Qxf4
Ne5 29. h6 gxh6 30. gxh6 Qe7 31. h7+ Kh8 32. Nf3 Rxc4 33. Nxe5 dxe5 34. Qxe5+
Qxe5 35. Rxe5 Kxh7 36. Re7 Rg4+ 37. Kf2 Rf4+ 38. Ke3 Rf5 39. Rd1 Kg7 40. d6 Rf6
41. Rxa7 Re6+ 42. Kf4 Rdxd6 43. Rb1 Rd4+ 44. Kf3 b4 45. Ra4 Ree4 46. a3 b3 47.
cxb3 Rxa4 48. bxa4 Rxa4 49. Rb3 g5 50. Kg3 Kg6 51. Kf3 f5 52. Kg3 Kh5 53. Rc3
f4+ 54. Kg2 Rd4 55. Kf2 g4 56. Kg2 Rd2+ 57. Kg1 Kh4 58. Rb3 Ra2 59. Kh1 f3 60.
Kg1 Kg3 61. Rb1 Rg2+ 62. Kh1 Rh2+ 0-1

[Event "SPICE Cup Open 2017"]
[Site "Saint Louis USA"]
[Date "2017.10.25"]
[Round "7.19"]
[White "Voelker, James"]
[Black "Furfine, Jacob"]
[Result "0-1"]
[BlackTitle "CM"]
[WhiteElo "2098"]
[BlackElo "2297"]
[WhiteFideId "2018853"]
[BlackFideId "2099462"]
[EventDate "2017.10.21"]

1. d4 c6 2. e4 d5 3. exd5 cxd5 4. c4 Nf6 5. Nc3 e6 6. Nf3 Be7 7. cxd5 Nxd5 8.
Bd3 Nc6 9. O-O O-O 10. a3 Nxc3 11. bxc3 b6 12. Qe2 Bb7 13. Qe4 g6 14. Bh6 Re8
15. h4 Rc8 16. h5 Na5 17. Qg4 Bxf3 18. gxf3 f5 19. Qg2 Kf7 20. Rfe1 Rg8 21. Qf1
Bd6 22. Qe2 Qf6 23. f4 gxh5+ 24. Bg5 Bxf4 25. Qxh5+ Qg6 0-1

[Event "SPICE Cup Open 2017"]
[Site "Saint Louis USA"]
[Date "2017.10.25"]
[Round "7.20"]
[White "Young, Angelo"]
[Black "Rosenthal, Nicholas"]
[Result "1/2-1/2"]
[WhiteTitle "IM"]
[WhiteElo "2292"]
[BlackElo "2164"]
[WhiteFideId "5200490"]
[BlackFideId "2045150"]
[EventDate "2017.10.21"]

1. d4 e6 2. g3 d5 3. Bg2 Nf6 4. c4 c6 5. Qc2 Bd6 6. Nf3 O-O 7. O-O Nbd7 8. Nbd2
Re8 9. Rd1 Qc7 10. e4 dxe4 11. Nxe4 Nxe4 12. Qxe4 e5 13. c5 Be7 14. Be3 exd4 15.
Bxd4 Nf8 16. b4 Be6 17. Be5 Qc8 18. Qc2 Ng6 19. Bc3 Bd5 20. h4 h5 21. a3 Qc7 22.
Qf5 a5 23. Qxh5 Bxf3 24. Bxf3 axb4 25. axb4 b6 26. Qf5 Rxa1 27. Rxa1 bxc5 28.
bxc5 Qc8 29. Qxc8 Rxc8 30. Ra6 Bxc5 31. Rxc6 Rxc6 32. Bxc6 Bd6 33. Be4 Be5 34.
Bb4 Nf8 35. Kg2 g6 36. Bd3 Kg7 37. Kf3 Bd4 38. Be2 f5 39. Kg2 Nd7 40. Bf3 Nf6 1/2-1/2